Giáo trình tâm lý học lứa tuổi & tâm lý học sư phạm

Sách gồm các nội dung: nhập môn tâm lý học lứa tuổi và tâm lý học sư phạm, tâm lý học tuổi thiếu niên, tâm lý học tuổi thanh niên học sinh, tâm lý học dạy học, tâm lý học đạo đức và tâm lý học nhân cách giáo viên....

תיאור מלא

שמור ב:
מידע ביבליוגרפי
מחבר ראשי: Lý, Minh Tiên
פורמט: ספר
שפה:Undetermined
יצא לאור: Thành phố Hồ Chí Minh Đại học Sư phạm Thành phố Hồ Chí Minh 2012
נושאים:
תגים: הוספת תג
אין תגיות, היה/י הראשונ/ה לתייג את הרשומה!
Thư viện lưu trữ: Trung tâm Học liệu Trường Đại học Cần Thơ
LEADER 01082nam a2200217Ia 4500
001 CTU_238469
008 210402s9999 xx 000 0 und d
082 |a 370.15 
082 |b T305 
100 |a Lý, Minh Tiên 
245 0 |a Giáo trình tâm lý học lứa tuổi & tâm lý học sư phạm 
245 0 |c Lý Minh Tiên, Nguyễn Thị Tứ (chủ biên) 
260 |a Thành phố Hồ Chí Minh 
260 |b Đại học Sư phạm Thành phố Hồ Chí Minh 
260 |c 2012 
520 |a Sách gồm các nội dung: nhập môn tâm lý học lứa tuổi và tâm lý học sư phạm, tâm lý học tuổi thiếu niên, tâm lý học tuổi thanh niên học sinh, tâm lý học dạy học, tâm lý học đạo đức và tâm lý học nhân cách giáo viên. 
526 |a Tâm lý học sư phạm 
526 |b SP010 
650 |a Tâm lý học giáo dục,Educational psychology 
910 |b vtbtruc 
980 |a Trung tâm Học liệu Trường Đại học Cần Thơ